Podstata marketingu

Definícia marketingu a marketingového mixu. Marketingový prístup v riadení podniku. Výrobkové portfólio ako jedno z východísk strategického riadenia. Faktory vplývajúce na dopyt po výrobku.

Gespeichert in:
Bibliographische Detailangaben
1. Verfasser: Synek, Miloslav
Format: Buch
Sprache:Tschechisch
Schlagworte:
Tags: Tag hinzufügen
Keine Tags, Fügen Sie das erste Tag hinzu!

MARC

LEADER 00000nam a2200000 4500
001 r030399
005 20230920094641.8
041 0 |a cze 
044 |a CZ 
245 1 0 |a Podstata marketingu  |c Miloslav Synek 
520 |a Definícia marketingu a marketingového mixu. Marketingový prístup v riadení podniku. Výrobkové portfólio ako jedno z východísk strategického riadenia. Faktory vplývajúce na dopyt po výrobku. 
610 2 0 |a hospodárstvo podnikové 
610 2 0 |a marketing 
610 2 0 |a marketing mix 
610 2 0 |a portfólio 
610 2 0 |a výrobky 
610 2 0 |a dopyt 
100 1 |a Synek, Miloslav